Statistics for Famous Kings and Queens - Picture Quiz

Click here to take the quiz!

General Stats

  • This quiz has been taken 115 times
  • The average score is 7 of 20

Answer Stats

Answer% Correct
Queen Victoria
96%
Catherine the Great
67%
Queen
62%
Ramesses II
48%
Napoleon III
43%
Charles V
42%
Isabella of Castille
38%
Justinian
38%
Kublai Khan
36%
Maria Theresa
36%
Suleiman the Magnificent
32%
Shaka Zulu
31%
Moctezuma II
27%
Emperor Meiji
26%
Marcus Aurelius
19%
Cyrus the Great
16%
Frederick II (HRE)
14%
Gustavus Adolphus
14%
Kamehameha I
9%
Akbar
7%

Score Distribution

Percentile by Number Answered

Percent of People with Each Score

Your Score History

You have not taken this quiz